[Event "St Petersburg March op"]
[Site "St Petersburg"]
[Date "2008.03.22"]
[Round "1"]
[White "Androsov, Sergey"]
[Black "Burshanov, Mikhail"]
[Result "1/2-1/2"]
[WhiteElo "2097"]
[BlackElo "1957"]
[PlyCount "46"]
[EventDate "2008.03.22"]
[EventType "swiss"]
[EventRounds "9"]
[EventCountry "RUS"]
[SourceTitle "EXT 2010"]
[Source "ChessBase"]
[SourceDate "2010.11.25"]
[SourceVersion "1"]
[SourceVersionDate "2010.11.25"]
[SourceQuality "1"]

1. e4 e5 2. Nf3 d6 3. d4 Nd7 4. Bc4 Ngf6 5. Nc3 Be7 6. Ng5 0-0 7. Bxf7+ Rxf7 8. Ne6 Qe8 9. Nxc7 Qd8 10. Nxa8 b6 11. dxe5 dxe5 12. Nd5 Nxe4 13. Be3 Bc5 14. Qe2 Ndf6 15. Nxf6+ Qxf6 16. Bxc5 Nxc5 17. 0-0-0 Bb7 18. f3 Bxa8 19. Rhe1 e4 20. fxe4 Nxe4 21. Qd3 Qf4+ 22. Kb1 Rf8 23. Ka1 Nc5 1/2-1/2

[Event "St Petersburg op"]
[Site "St Petersburg"]
[Date "2007.10.27"]
[Round "1"]
[White "Burshanov, Mikhail"]
[Black "Shlakich, Anna"]
[Result "0-1"]
[WhiteElo "1939"]
[BlackElo "2182"]
[PlyCount "62"]
[EventDate "2007.10.27"]
[EventType "swiss"]
[EventRounds "9"]
[EventCountry "RUS"]
[SourceTitle "CBM 121 Extra"]
[Source "ChessBase"]
[SourceDate "2008.01.10"]
[SourceVersion "1"]
[SourceVersionDate "2008.01.10"]
[SourceQuality "1"]

1. c4 e5 2. Nc3 Nf6 3. g3 d5 4. cxd5 Nxd5 5. Bg2 Ne7 6. Nf3 Nbc6 7. d3 Nf5 8. 0-0 Be7 9. b3 0-0 10. Bb2 Nfd4 11. Nxd4 exd4 12. Nd5 Bd6 13. Qd2 Re8 14. Rfe1 Be6 15. a3 Bxg3 16. Nb4 Bxh2+ 17. Kxh2 Qh4+ 18. Kg1 Bh3 19. Bxh3 Qxh3 20. Qf4 Re6 21. Qh2 Rg6+ 22. Kh1 Qe6 23. Bc1 Ne5 24. Rg1 Ng4 25. Rxg4 Rxg4 26. f3 Rg6 27. Bd2 c5 28. Nc2 Re8 29. Re1 Qxb3 30. Rc1 Rge6 31. Na1 Qb2 0-1